<?xml version="1.0" encoding="UTF-8"?>
<collection xmlns="http://www.loc.gov/MARC21/slim">
 <record>
  <leader>03225nam a22003737a 4500</leader>
  <controlfield tag="001">NCT_42492</controlfield>
  <controlfield tag="008">180615b        xxu||||| |||| 00| 0 vie d</controlfield>
  <datafield tag="999" ind1=" " ind2=" ">
   <subfield code="c">2038</subfield>
   <subfield code="d">2038</subfield>
  </datafield>
  <datafield tag="020" ind1=" " ind2=" ">
   <subfield code="a">9786040038333</subfield>
   <subfield code="c">84000</subfield>
  </datafield>
  <datafield tag="082" ind1="0" ind2="4">
   <subfield code="2">23rd ed.</subfield>
   <subfield code="a">530</subfield>
   <subfield code="b">H188/T.2</subfield>
  </datafield>
  <datafield tag="100" ind1="1" ind2=" ">
   <subfield code="a">Halliday, David</subfield>
  </datafield>
  <datafield tag="245" ind1="1" ind2="0">
   <subfield code="a">Cơ sở vật lý</subfield>
   <subfield code="n">Tập 6</subfield>
   <subfield code="p">Cơ học - Quang học và vật lí lượng tử</subfield>
   <subfield code="c">David Halliday ,Robert Resnick, Jearl Walker  ; Ngô Quốc Quýnh, Hoàng Hữu Thư (chủ biên)</subfield>
  </datafield>
  <datafield tag="250" ind1=" " ind2=" ">
   <subfield code="a">Tái bản lần thứ mười một</subfield>
  </datafield>
  <datafield tag="260" ind1=" " ind2=" ">
   <subfield code="a">H.</subfield>
   <subfield code="b">Giáo dục Việt Nam</subfield>
   <subfield code="c">2016</subfield>
  </datafield>
  <datafield tag="300" ind1=" " ind2=" ">
   <subfield code="a">503tr.</subfield>
   <subfield code="c">27cm</subfield>
   <subfield code="b">minh họa</subfield>
  </datafield>
  <datafield tag="520" ind1="3" ind2=" ">
   <subfield code="a">Cuốn sách thuộc bộ sách Cơ sở vật lí (Fundamentals of physics) do tập thể tác giả David Halliday , Robert Resnick , Jearl Walker thực hiện. Nội dung của tập 6 là phần quang học và vật lí lượng tử bao gồm: Quang hình học, giao thoa ánh sáng, nhiễu xạ, lý thuyết tương đối, cùng với nhiều phần mở rộng như: vật lí lượng tử, nguyên tử, sự dẫn điện trong chất rắn, vật lí hạt nhân, năng lượng hạt nhân, Quark, Leptôn, và Big Bang</subfield>
  </datafield>
  <datafield tag="653" ind1=" " ind2=" ">
   <subfield code="a">Khoa học cơ bản</subfield>
  </datafield>
  <datafield tag="700" ind1="1" ind2=" ">
   <subfield code="a">Resnick, Robert</subfield>
  </datafield>
  <datafield tag="700" ind1="1" ind2=" ">
   <subfield code="a">Walker, Jearl</subfield>
  </datafield>
  <datafield tag="700" ind1="1" ind2=" ">
   <subfield code="a">Phan Văn Thích</subfield>
  </datafield>
  <datafield tag="700" ind1="1" ind2=" ">
   <subfield code="a">Hoàng Hữu Thư</subfield>
   <subfield code="e">chủ biên</subfield>
  </datafield>
  <datafield tag="700" ind1="1" ind2=" ">
   <subfield code="a">Phạm Văn Thiều</subfield>
  </datafield>
  <datafield tag="942" ind1=" " ind2=" ">
   <subfield code="2">ddc</subfield>
   <subfield code="c">BK</subfield>
  </datafield>
  <datafield tag="952" ind1=" " ind2=" ">
   <subfield code="0">0</subfield>
   <subfield code="1">0</subfield>
   <subfield code="2">ddc</subfield>
   <subfield code="4">0</subfield>
   <subfield code="6">530_000000000000000_H188_T_2</subfield>
   <subfield code="7">0</subfield>
   <subfield code="9">10933</subfield>
   <subfield code="a">000001</subfield>
   <subfield code="b">000001</subfield>
   <subfield code="d">2018-06-16</subfield>
   <subfield code="o">530 H188/T.2</subfield>
   <subfield code="p">MD.10461</subfield>
   <subfield code="r">2018-06-16</subfield>
   <subfield code="v">120000.00</subfield>
   <subfield code="w">2018-06-16</subfield>
   <subfield code="y">BK</subfield>
  </datafield>
  <datafield tag="952" ind1=" " ind2=" ">
   <subfield code="0">0</subfield>
   <subfield code="1">0</subfield>
   <subfield code="2">ddc</subfield>
   <subfield code="4">0</subfield>
   <subfield code="6">530_000000000000000_H188_T_2</subfield>
   <subfield code="7">0</subfield>
   <subfield code="9">10934</subfield>
   <subfield code="a">000001</subfield>
   <subfield code="b">000001</subfield>
   <subfield code="d">2018-06-16</subfield>
   <subfield code="o">530 H188/T.2</subfield>
   <subfield code="p">MD.10462</subfield>
   <subfield code="r">2018-06-16</subfield>
   <subfield code="v">120000.00</subfield>
   <subfield code="w">2018-06-16</subfield>
   <subfield code="y">BK</subfield>
  </datafield>
  <datafield tag="952" ind1=" " ind2=" ">
   <subfield code="0">0</subfield>
   <subfield code="1">0</subfield>
   <subfield code="2">ddc</subfield>
   <subfield code="4">0</subfield>
   <subfield code="6">530_000000000000000_H188_T_2</subfield>
   <subfield code="7">0</subfield>
   <subfield code="9">10935</subfield>
   <subfield code="a">000001</subfield>
   <subfield code="b">000001</subfield>
   <subfield code="d">2018-06-16</subfield>
   <subfield code="l">1</subfield>
   <subfield code="o">530 H188/T.2</subfield>
   <subfield code="p">MD.10463</subfield>
   <subfield code="r">2019-05-23</subfield>
   <subfield code="s">2019-05-11</subfield>
   <subfield code="v">120000.00</subfield>
   <subfield code="w">2018-06-16</subfield>
   <subfield code="y">BK</subfield>
  </datafield>
  <datafield tag="952" ind1=" " ind2=" ">
   <subfield code="0">0</subfield>
   <subfield code="1">0</subfield>
   <subfield code="2">ddc</subfield>
   <subfield code="4">0</subfield>
   <subfield code="6">530_000000000000000_H188_T_2</subfield>
   <subfield code="7">0</subfield>
   <subfield code="9">10936</subfield>
   <subfield code="a">000001</subfield>
   <subfield code="b">000001</subfield>
   <subfield code="d">2018-06-16</subfield>
   <subfield code="o">530 H188/T.2</subfield>
   <subfield code="p">MD.10464</subfield>
   <subfield code="r">2018-06-16</subfield>
   <subfield code="v">120000.00</subfield>
   <subfield code="w">2018-06-16</subfield>
   <subfield code="y">BK</subfield>
  </datafield>
  <datafield tag="952" ind1=" " ind2=" ">
   <subfield code="0">0</subfield>
   <subfield code="1">0</subfield>
   <subfield code="2">ddc</subfield>
   <subfield code="4">0</subfield>
   <subfield code="6">530_000000000000000_H188_T_2</subfield>
   <subfield code="7">0</subfield>
   <subfield code="9">10937</subfield>
   <subfield code="a">000001</subfield>
   <subfield code="b">000001</subfield>
   <subfield code="d">2018-06-16</subfield>
   <subfield code="l">1</subfield>
   <subfield code="o">530 H188/T.2</subfield>
   <subfield code="p">MD.10465</subfield>
   <subfield code="r">2020-03-14</subfield>
   <subfield code="s">2020-03-12</subfield>
   <subfield code="v">120000.00</subfield>
   <subfield code="w">2018-06-16</subfield>
   <subfield code="y">BK</subfield>
  </datafield>
  <datafield tag="952" ind1=" " ind2=" ">
   <subfield code="0">0</subfield>
   <subfield code="1">0</subfield>
   <subfield code="2">ddc</subfield>
   <subfield code="4">0</subfield>
   <subfield code="6">530_000000000000000_H188_T_2</subfield>
   <subfield code="7">0</subfield>
   <subfield code="9">10938</subfield>
   <subfield code="a">000001</subfield>
   <subfield code="b">000001</subfield>
   <subfield code="d">2018-06-16</subfield>
   <subfield code="o">530 H188/T.2</subfield>
   <subfield code="p">MD.10466</subfield>
   <subfield code="r">2018-06-16</subfield>
   <subfield code="v">120000.00</subfield>
   <subfield code="w">2018-06-16</subfield>
   <subfield code="y">BK</subfield>
  </datafield>
  <datafield tag="952" ind1=" " ind2=" ">
   <subfield code="0">0</subfield>
   <subfield code="1">0</subfield>
   <subfield code="2">ddc</subfield>
   <subfield code="4">0</subfield>
   <subfield code="6">530_000000000000000_H188_T_2</subfield>
   <subfield code="7">0</subfield>
   <subfield code="9">10939</subfield>
   <subfield code="a">000001</subfield>
   <subfield code="b">000001</subfield>
   <subfield code="d">2018-06-16</subfield>
   <subfield code="o">530 H188/T.2</subfield>
   <subfield code="p">MD.10467</subfield>
   <subfield code="r">2018-06-16</subfield>
   <subfield code="v">120000.00</subfield>
   <subfield code="w">2018-06-16</subfield>
   <subfield code="y">BK</subfield>
  </datafield>
  <datafield tag="952" ind1=" " ind2=" ">
   <subfield code="0">0</subfield>
   <subfield code="1">0</subfield>
   <subfield code="2">ddc</subfield>
   <subfield code="4">0</subfield>
   <subfield code="6">530_000000000000000_H188_T_2</subfield>
   <subfield code="7">0</subfield>
   <subfield code="9">10940</subfield>
   <subfield code="a">000001</subfield>
   <subfield code="b">000001</subfield>
   <subfield code="d">2018-06-16</subfield>
   <subfield code="o">530 H188/T.2</subfield>
   <subfield code="p">MD.10468</subfield>
   <subfield code="r">2018-06-16</subfield>
   <subfield code="v">120000.00</subfield>
   <subfield code="w">2018-06-16</subfield>
   <subfield code="y">BK</subfield>
  </datafield>
  <datafield tag="952" ind1=" " ind2=" ">
   <subfield code="0">0</subfield>
   <subfield code="1">0</subfield>
   <subfield code="2">ddc</subfield>
   <subfield code="4">0</subfield>
   <subfield code="6">530_000000000000000_H188_T_2</subfield>
   <subfield code="7">0</subfield>
   <subfield code="9">10941</subfield>
   <subfield code="a">000001</subfield>
   <subfield code="b">000001</subfield>
   <subfield code="d">2018-06-16</subfield>
   <subfield code="o">530 H188/T.2</subfield>
   <subfield code="p">MD.10469</subfield>
   <subfield code="r">2018-06-16</subfield>
   <subfield code="v">120000.00</subfield>
   <subfield code="w">2018-06-16</subfield>
   <subfield code="y">BK</subfield>
  </datafield>
  <datafield tag="952" ind1=" " ind2=" ">
   <subfield code="0">0</subfield>
   <subfield code="1">0</subfield>
   <subfield code="2">ddc</subfield>
   <subfield code="4">0</subfield>
   <subfield code="6">530_000000000000000_H188_T_2</subfield>
   <subfield code="7">0</subfield>
   <subfield code="9">10942</subfield>
   <subfield code="a">000001</subfield>
   <subfield code="b">000001</subfield>
   <subfield code="d">2018-06-16</subfield>
   <subfield code="o">530 H188/T.2</subfield>
   <subfield code="p">MD.10477</subfield>
   <subfield code="r">2018-06-16</subfield>
   <subfield code="v">120000.00</subfield>
   <subfield code="w">2018-06-16</subfield>
   <subfield code="y">BK</subfield>
  </datafield>
  <datafield tag="980" ind1=" " ind2=" ">
   <subfield code="a">Thư viện Trường Đại học Nam Cần Thơ</subfield>
  </datafield>
 </record>
</collection>
